000
00331nam a2200133Ia 4500
008
100328s9999 xx 000 0 und d
082
_b
2686
100
_a
Elegant Robert S.
245
_a
China's Red Leaders
260
_b
The Bodley Head Ltd.
630
_a
China's Red Leaders
730
_a
China's Red Leaders
942
_c
BOOK
999
_c
498888
_d
498885